<?xml version="1.0" encoding="UTF-8"?>
<record
    xmlns:xsi="http://www.w3.org/2001/XMLSchema-instance"
    xsi:schemaLocation="http://www.loc.gov/MARC21/slim http://www.loc.gov/standards/marcxml/schema/MARC21slim.xsd"
    xmlns="http://www.loc.gov/MARC21/slim">

  <leader>01178nam a2200229 a 4500</leader>
  <controlfield tag="001">BRCA_8893</controlfield>
  <controlfield tag="005">20190320210441.0</controlfield>
  <controlfield tag="008">150617s1771----sp-#######---#000-0#spa-#</controlfield>
  <datafield tag="041" ind1=" " ind2=" ">
    <subfield code="a">spa</subfield>
  </datafield>
  <datafield tag="044" ind1=" " ind2=" ">
    <subfield code="a">sp</subfield>
  </datafield>
  <datafield tag="084" ind1=" " ind2=" ">
    <subfield code="a">CO53</subfield>
    <subfield code="b">.C66 1771</subfield>
  </datafield>
  <datafield tag="100" ind1="1" ind2=" ">
    <subfield code="a">Concina, Daniel</subfield>
    <subfield code="d">1687-1756</subfield>
    <subfield code="9">22130</subfield>
  </datafield>
  <datafield tag="245" ind1="1" ind2="0">
    <subfield code="a">Theologia christiana dogmatica-moral, compendiada en dos tomos</subfield>
    <subfield code="c">su autor el M. R. P. Fr. Daniel Concina, de el orden de predicadores; traducida al idioma castellano y a&#xF1;adida en muchas partes de las obras del mismo autor el P.D. Joseph S&#xE1;nchez de la Parra; ponese al principio una colecci&#xF3;n de bulas, y Decretos Pontificios en Compendio; y al fin un tratado de la Bula de la Santa Cruzada, para el uso m&#xE1;s acomodado en estos Reynos; tomo I.</subfield>
  </datafield>
  <datafield tag="260" ind1=" " ind2=" ">
    <subfield code="a">Madrid</subfield>
    <subfield code="b">En la oficina de la Viuda de Manuel Fern&#xE1;ndez</subfield>
    <subfield code="c">1771</subfield>
  </datafield>
  <datafield tag="300" ind1=" " ind2=" ">
    <subfield code="a">VIII, XXI, 350 p. (t.1)</subfield>
    <subfield code="c">30 x 21 cm</subfield>
  </datafield>
  <datafield tag="500" ind1=" " ind2=" ">
    <subfield code="a">Con privilegio</subfield>
  </datafield>
  <datafield tag="500" ind1=" " ind2=" ">
    <subfield code="a">Estado f&#xED;sico: presenta encuadernaci&#xF3;n en pergamino con  presencia del pez de plata y carece de cintas</subfield>
  </datafield>
  <datafield tag="650" ind1="1" ind2="4">
    <subfield code="a">Teolog&#xED;a</subfield>
    <subfield code="y">Obras anteriores a 1800</subfield>
    <subfield code="9">22131</subfield>
  </datafield>
  <datafield tag="700" ind1="1" ind2=" ">
    <subfield code="a">S&#xE1;nchez de la Parra, Joseph</subfield>
    <subfield code="e">tr.</subfield>
    <subfield code="9">22132</subfield>
  </datafield>
  <datafield tag="902" ind1=" " ind2=" ">
    <subfield code="a">CFM</subfield>
  </datafield>
  <datafield tag="942" ind1=" " ind2=" ">
    <subfield code="2">lcc</subfield>
    <subfield code="c">B</subfield>
  </datafield>
  <datafield tag="999" ind1=" " ind2=" ">
    <subfield code="c">8544</subfield>
    <subfield code="d">8544</subfield>
  </datafield>
  <datafield tag="952" ind1=" " ind2=" ">
    <subfield code="0">0</subfield>
    <subfield code="1">0</subfield>
    <subfield code="4">0</subfield>
    <subfield code="7">0</subfield>
    <subfield code="a">BRCA</subfield>
    <subfield code="b">BRCA</subfield>
    <subfield code="d">2017-06-15</subfield>
    <subfield code="l">0</subfield>
    <subfield code="o">CO53 .C66 1771</subfield>
    <subfield code="p">CFM00216</subfield>
    <subfield code="r">2019-03-22 00:00:00</subfield>
    <subfield code="w">2019-03-22</subfield>
    <subfield code="y">B</subfield>
  </datafield>
</record>
